000 00726cam a2200193 4500
001 WB3625-19
008 000000n2000 000 0 eng u
035 _a(Sirsi) u106877
245 _aLord Chancellor launches 'Land Registry Direct''
260 _c2000
490 _aHM Land Registry Press Notice
_v(16/00) 20 June 2000, (3)
520 _aHM Land Registry's Land Registry Direct service has been launched. It features 100 million filed images and is a major step towards the governments' goal of full electronic conveyancing.
590 _aWB
650 _aLAND REGISTRY DIRECT
650 _aECONVEYANCING
650 _aNATIONAL LAND INFORMATION SERVICE
690 _aINFORMATION TECHNOLOGY-INTERNET
942 _n0
999 _c63941
_d63941